|
|
|
|
| LEADER |
00000nam a2200000 i 4500 |
| 001 |
8476 |
| 003 |
MY-KLNDU |
| 005 |
20241218052713.0 |
| 008 |
221104s1999 enk 000 h eng d |
| 020 |
|
|
|a 0752826581 (pbk)
|
| 039 |
|
9 |
|a 202211041107
|b VLOAD
|c 201509221617
|d kahar
|y 200910081454
|z VLOAD
|
| 090 |
|
|
|a PR 1105 H43.
|b .LEE 1999
|
| 100 |
1 |
|
|a Lee Burke, James
|e author
|
| 245 |
1 |
0 |
|a Heartwood
|c James Lee Burke
|
| 264 |
|
1 |
|a London
|b Orion
|c [1999]
|
| 264 |
|
4 |
|c © 1999
|
| 300 |
|
|
|a 338 pages
|c 18 cm
|
| 336 |
|
|
|a text
|2 rdacontent
|
| 337 |
|
|
|a unmediated
|2 rdamedia
|
| 338 |
|
|
|a volume
|2 rdacarrier
|
| 650 |
|
0 |
|a English fiction
|
| 999 |
|
|
|a vtls000008205
|c 8476
|d 8476
|